00575 2200193 4500001002100000005001700021008004100038035002400079040001200103082002000115090002400135100003100159245006100190260004500251300002600296650003100322850001200353990001600365YOGYA-1012000000030720121024174549.0 ind  0010-101200000000307 aYOPDYOG 2[22]a899.223 2 aCoE 899.223 2 SUB k aSUBHAN AL.MADRIS, A, 1982- aKang Sobrun beunghar bati sabar /cA. Subhan Al. Madris. aBandung ;bKarya Pratama Gemilang,c2009 avi, 51 hlm. ;c21 cm. aFiksi -xCerita, plot, dsb aYOPDYOG a127-PD/A.12